000 00727nam a2200241 i 4500
001 C2-0287412
003 PPAK
005 20180728020728.0
008 080211s2004 ncua|||| ||||| | eng d
020 _a1931798419
040 _aPPAK
_beng
_cPPAK
_erda
082 0 4 _a305.42092
_223
090 0 0 _a305.42092
_bBOH
_dRLCK
100 1 _aBohannon, Lisa Frederiksen,
_eauthor
245 1 0 _aWoman's work :
_bthe story of Betty Friedan
264 1 _aNorth Carolina :
_bMorgan Reynolds Publishing ,
_c2004
300 _a144 pages :
_billustrations ;
_c22 cm
336 _2rdacontent
_atext
337 _2rdamedia
_aunmediated
338 _2rdacarrier
_avolume
650 1 0 _aFeminists - United States - Biography
942 _ddc
_cB
999 _c93112
_d93112